000 00291pab a2200109 454500
008 180718b xxu||||| |||| 00| 0 eng d
100 _aSatyanavayan, S
245 _aCracking under high prices and thin rations
650 _aPublic Distribution System
773 _aEconomic Times
909 _a21880
999 _c21880
_d21880